Australian cities multiple choice: Albany - Statistics

General Stats
  • This quiz has been taken 5 times
  • The average score is 8 of 15
Answer Stats
Question Answer % Correct
Albany is the oldest remaining colonial settlement in which state? Western Australia
100%
What industry used to thrive at Misery Beach? Whaling
100%
Albany is at one end of the Bibbulmun Track, a 1,003km walking track. Where is the other end? Kalamunda
60%
What are the Porongurups? Mountains
60%
Which museum is on Mount Clarence? National Anzac Centre
60%
What are harvested in Lower King? Oysters
60%
What are Flinders Park, Yakamia, Little Grove and Woodbury Boston? Primary schools
60%
Albany is in an area known as the... Rainbow Coast
60%
Where did vocal group the Albany Shantymen record their albums? Albany Convict Gaol
40%
What was the first name of the settlement that became Albany? Frederick Town
40%
Where is the Albany Ski Club? Kalgan River
40%
Which Albany building is the oldest surviving structure in the state? Patrick Taylor's Cottage
40%
What local icon, classified by the National Trust, has survived proposals to blow it up, or cut it into pieces and rebuild it elsewhere? Dog Rock
20%
Which of these is not a suburb of Albany? Renfrew Heights
20%
What industry attracts tourists to Sandpatch? Wind farms
0%
No matching quizzes found
Score Distribution
Percent of People with Each Score
Percentile by Number Answered
Your Score History
You have not taken this quiz